[Event "GER MS-148 email"]
[Site "GER email"]
[Date "2012.04.30"]
[Round "?"]
[White "Zimmermann, Falk"]
[Black "Zielinski, Werner"]
[Result "1/2-1/2"]
[WhiteElo "1998"]
[BlackElo "2080"]
[PlyCount "144"]
[EventDate "2012.05.10"]
[EventType "tourn (corr)"]
[EventRounds "6"]
[EventCountry "GER"]
[SourceTitle "Corr 2015"]
[Source "ChessBase"]
[SourceDate "2015.07.17"]
[SourceVersion "1"]
[SourceVersionDate "2015.07.17"]
[SourceQuality "1"]

1. Nf3 Nf6 2. d4 e6 3. e3 b6 4. Bd3 Bb7 5. 0-0 c5 6. Nbd2 Be7 7. b3 0-0 8. Bb2 d6 9. c4 Nbd7 10. Qe2 Qc7 11. Rad1 a6 12. a4 Rfe8 13. Ng5 cxd4 14. exd4 d5 15. Rc1 Qf4 16. Qe3 Qxe3 17. fxe3 dxc4 18. Nxc4 h6 19. Nf3 b5 20. Ncd2 bxa4 21. bxa4 Rab8 22. Ba1 Bb4 23. Nc4 Be4 24. Be2 Nb6 25. Bc3 Bxf3 26. gxf3 Nxa4 27. Be1 Bxe1 28. Rfxe1 Nd5 29. Bf1 Rec8 30. Ra1 Nab6 31. Ne5 Rc3 32. e4 Nf4 33. Rxa6 f6 34. Ng4 Nc8 35. Ne3 Ne7 36. Bc4 Neg6 37. Bxe6+ Nxe6 38. Rxe6 Rbb3 39. Nf5 Rc2 40. Ne7+ Nxe7 41. Rxe7 Rxf3 42. Rd1 Rff2 43. h3 Rg2+ 44. Kh1 Kf8 45. Rc7 Rh2+ 46. Kg1 Rcg2+ 47. Kf1 Ra2 48. Kg1 Rxh3 49. e5 Rg3+ 50. Kf1 Rf3+ 51. Kg1 fxe5 52. dxe5 Rg3+ 53. Kf1 Ra8 54. e6 Re8 55. Re1 Rg6 56. Rc6 Rf6+ 57. Kg2 g6 58. Kg3 Re7 59. Rd6 Kg7 60. Rd7 Rff7 61. Rd5 Rf8 62. Rd7 Kf6 63. Rd2 Ra8 64. Rh1 Kg7 65. Re1 Ra3+ 66. Kg2 h5 67. Kh2 Ra6 68. Rde2 g5 69. Re3 Kg6 70. Kh3 Rd6 71. Kg3 Rd5 72. Rb1 Kf6 1/2-1/2

[Event "Naujac op 14th"]
[Site "Naujac"]
[Date "2011.06.??"]
[Round "1"]
[White "Colin, Vincent"]
[Black "Zielinski, Werner"]
[Result "1-0"]
[WhiteElo "2417"]
[BlackElo "2137"]
[PlyCount "121"]
[EventDate "2011.06.26"]
[EventType "swiss"]
[EventRounds "9"]
[EventCountry "FRA"]
[SourceTitle "EXT 2013"]
[Source "ChessBase"]
[SourceDate "2012.11.22"]
[SourceVersion "1"]
[SourceVersionDate "2012.11.22"]
[SourceQuality "1"]

1. d4 Nf6 2. c4 d6 3. Nc3 Nbd7 4. e4 c6 5. Rb1 e5 6. Nf3 Be7 7. Be2 0-0 8. 0-0 Re8 9. d5 a5 10. Be3 Bf8 11. Nd2 g6 12. a3 Qc7 13. b4 axb4 14. axb4 Be7 15. Ra1 Rxa1 16. Qxa1 c5 17. Nb5 Qb6 18. Rb1 Qd8 19. Na7 Qc7 20. Qa5 b6 21. Nb5 Qb8 22. Qa4 Bb7 23. f3 Nh5 24. Na7 Nhf6 25. Nc6 Qc7 26. bxc5 Bxc6 27. Qxc6 Qxc6 28. dxc6 Nxc5 29. Rxb6 Rc8 30. Nb1 Bd8 31. c7 Rxc7 32. Rxd6 Be7 33. Rb6 Nfd7 34. Rb2 f5 35. exf5 gxf5 36. Nc3 Ra7 37. Nd5 Bf8 38. g3 Ra3 39. Bf2 e4 40. fxe4 fxe4 41. Bd4 Bg7 42. Bxg7 Kxg7 43. Rb5 Ra1+ 44. Kf2 Kg6 45. Nb6 Rc1 46. h4 Rc2 47. Nxd7 Nxd7 48. Ke3 Kf6 49. Rb7 Ne5 50. Rxh7 Rc3+ 51. Kxe4 Rxg3 52. Rh6+ Kg7 53. Ra6 Ng6 54. h5 Nf8 55. Rd6 Nh7 56. Kd5 Rg2 57. h6+ Kf8 58. Bd3 Ng5 59. h7 Rh2 60. Rd8+ Kg7 61. Rg8+ 1-0

[Event "Naujac op 14th"]
[Site "Naujac"]
[Date "2011.06.??"]
[Round "9"]
[White "Deglmann, Ludwig"]
[Black "Zielinski, Werner"]
[Result "1/2-1/2"]
[WhiteElo "2347"]
[BlackElo "2137"]
[PlyCount "24"]
[EventDate "2011.06.26"]
[EventType "swiss"]
[EventRounds "9"]
[EventCountry "FRA"]
[SourceTitle "EXT 2013"]
[Source "ChessBase"]
[SourceDate "2012.11.22"]
[SourceVersion "1"]
[SourceVersionDate "2012.11.22"]
[SourceQuality "1"]

1. Nf3 Nf6 2. g3 d6 3. d4 Nbd7 4. Bg2 e5 5. 0-0 c6 6. b3 Be7 7. c4 0-0 8. Nc3 Re8 9. Bb2 Bf8 10. Qc2 a6 11. Rad1 Qc7 12. h3 e4 1/2-1/2

[Event "Otranto op 1st"]
[Site "Otranto"]
[Date "2011.05.25"]
[Round "6"]
[White "Zielinski, Werner"]
[Black "Laketic, Gojko"]
[Result "0-1"]
[WhiteElo "2137"]
[BlackElo "2442"]
[PlyCount "127"]
[EventDate "2011.05.21"]
[EventType "swiss"]
[EventRounds "9"]
[EventCountry "ITA"]
[SourceTitle "CBM 142 Extra"]
[Source "ChessBase"]
[SourceDate "2011.06.27"]
[SourceVersion "1"]
[SourceVersionDate "2011.06.27"]
[SourceQuality "1"]

1. d4 d6 2. c4 e5 3. Nf3 e4 4. Ng5 f5 5. g3 Be7 6. Nh3 Nf6 7. Bg2 c6 8. Nc3 Nbd7 9. 0-0 Nb6 10. b3 d5 11. c5 Nbd7 12. Bg5 Ng4 13. Qd2 0-0 14. b4 Bxg5 15. Qxg5 Ndf6 16. Qd2 Qe8 17. e3 Qh5 18. a4 g5 19. b5 Bd7 20. Rab1 Rf7 21. a5 Rg7 22. a6 bxa6 23. b6 Bc8 24. Qa2 h6 25. Qa4 Qe8 26. Rb2 axb6 27. cxb6 Bb7 28. Qb4 a5 29. Qa3 Qe7 30. Qxe7 Rxe7 31. Na4 Ba6 32. Ra1 Bb5 33. Nc5 Nd7 34. b7 Rb8 35. Nxd7 Rxd7 36. Rxa5 Rdxb7 37. Ra1 Bd3 38. Rxb7 Rxb7 39. Bf1 Bxf1 40. Kxf1 Nxh2+ 41. Kg2 Ng4 42. Rc1 Rb6 43. Rc2 Kf7 44. Ng1 Ke7 45. Ne2 Kd6 46. Nc3 Rb3 47. Kf1 Nh2+ 48. Ke2 Nf3 49. Kf1 h5 50. Rc1 Ra3 51. Kg2 Kd7 52. Ne2 h4 53. gxh4 Nxh4+ 54. Kf1 Ra8 55. Rb1 Kc7 56. Rc1 Nf3 57. Nc3 Kd6 58. Ke2 Ra3 59. Kf1 Rb3 60. Rc2 Rb4 61. Ra2 Rb3 62. Rc2 Rb8 63. Ke2 f4 64. Kf1 0-1

[Event "Otranto op 1st"]
[Site "Otranto"]
[Date "2011.05.24"]
[Round "5"]
[White "Dvirnyy, Danyyil"]
[Black "Zielinski, Werner"]
[Result "1-0"]
[WhiteElo "2448"]
[BlackElo "2137"]
[PlyCount "46"]
[EventDate "2011.05.21"]
[EventType "swiss"]
[EventRounds "9"]
[EventCountry "ITA"]
[SourceTitle "CBM 142 Extra"]
[Source "ChessBase"]
[SourceDate "2011.06.27"]
[SourceVersion "1"]
[SourceVersionDate "2011.06.27"]
[SourceQuality "1"]

1. e4 c5 2. Nf3 Nc6 3. d4 cxd4 4. Nxd4 g6 5. Nc3 Bg7 6. Be3 Nf6 7. f4 d5 8. Bb5 0-0 9. Bxc6 bxc6 10. Nxc6 Qc7 11. exd5 Ng4 12. Bd4 Qxf4 13. g3 Qc7 14. Bxg7 Kxg7 15. Qd4+ f6 16. 0-0-0 e5 17. dxe6 Bxe6 18. Qd6 Qf7 19. Rhe1 Rfe8 20. Nb5 Bf5 21. Nc7 Rxe1 22. Rxe1 Qc4 23. Nd4 Rc8 1-0

[Event "GER-ch42 V06 email"]
[Site "GER email"]
[Date "2010.04.08"]
[Round "?"]
[White "Herrmann, Hans"]
[Black "Zielinski, Werner"]
[Result "0-1"]
[WhiteElo "2046"]
[BlackElo "2096"]
[PlyCount "106"]
[EventDate "2010.04.19"]
[EventType "tourn (corr)"]
[EventRounds "12"]
[EventCountry "GER"]
[SourceTitle "Corr 2015"]
[Source "ChessBase"]
[SourceDate "2015.07.17"]
[SourceVersion "1"]
[SourceVersionDate "2015.07.17"]
[SourceQuality "1"]
[WhiteTeam "Germany"]
[BlackTeam "Germany"]
[WhiteTeamCountry "GER"]
[BlackTeamCountry "GER"]

1. e4 c5 2. Nf3 Nc6 3. Bb5 Nf6 4. Nc3 Qc7 5. 0-0 Nd4 6. Nxd4 cxd4 7. Nd5 Nxd5 8. exd5 Qc5 9. Qe2 Qxd5 10. b3 e6 11. Bc4 Qg5 12. Bb2 Bc5 13. Bd3 0-0 14. f4 Qd5 15. Rf3 f5 16. Qf2 Qd6 17. Qh4 b6 18. Rh3 h6 19. Rg3 Kh8 20. a3 a5 21. Rg6 Kh7 22. Rg3 Bb7 23. Qg4 Qe7 24. Re1 Qf6 25. Qe2 Bc6 26. Qf2 b5 27. Qe2 Rg8 28. Qf2 Bb6 29. Ba1 g5 30. fxg5 Rxg5 31. Rxg5 Qxg5 32. Bf1 Rg8 33. g3 Rg7 34. Bxd4 f4 35. Bxb6 fxg3 36. Bd3+ Kg8 37. Qxg3 Qf6 38. Re3 Kf8 39. Bc5+ Kf7 40. c3 Rxg3+ 41. Rxg3 Qf4 42. Bg6+ Kf6 43. Bd4+ Ke7 44. Be3 Qd6 45. b4 Qd5 46. Kf1 a4 47. Bxh6 Qb3 48. Bh5 Kd8 49. c4 Qb1+ 50. Kf2 Qf5+ 51. Bf3 bxc4 52. Be3 e5 53. b5 Be4 0-1

[Event "GER-ch42 V06 email"]
[Site "GER email"]
[Date "2010.04.08"]
[Round "?"]
[White "Meissner, Ruediger"]
[Black "Zielinski, Werner"]
[Result "1/2-1/2"]
[WhiteElo "2057"]
[BlackElo "2096"]
[PlyCount "38"]
[EventDate "2010.04.19"]
[EventType "tourn (corr)"]
[EventRounds "12"]
[EventCountry "GER"]
[SourceTitle "Corr 2015"]
[Source "ChessBase"]
[SourceDate "2015.07.17"]
[SourceVersion "1"]
[SourceVersionDate "2015.07.17"]
[SourceQuality "1"]
[WhiteTeam "Germany"]
[BlackTeam "Germany"]
[WhiteTeamCountry "GER"]
[BlackTeamCountry "GER"]

1. d4 Nf6 2. c4 e6 3. Nf3 c5 4. d5 b5 5. Bg5 b4 6. e4 d6 7. Bd3 Be7 8. 0-0 e5 9. Be3 0-0 10. h3 a5 11. Nbd2 Nbd7 12. Re1 Bb7 13. Nf1 Re8 14. a3 Qc7 15. Bd2 g6 16. Ne3 Reb8 17. a4 Kg7 18. Nh2 Rh8 19. b3 Rae8 1/2-1/2

[Event "GER-ch42 V06 email"]
[Site "GER email"]
[Date "2010.04.08"]
[Round "?"]
[White "Schubert, Frank"]
[Black "Zielinski, Werner"]
[Result "1/2-1/2"]
[WhiteElo "2134"]
[BlackElo "2096"]
[PlyCount "135"]
[EventDate "2010.04.19"]
[EventType "tourn (corr)"]
[EventRounds "12"]
[EventCountry "GER"]
[SourceTitle "Corr 2015"]
[Source "ChessBase"]
[SourceDate "2015.07.17"]
[SourceVersion "1"]
[SourceVersionDate "2015.07.17"]
[SourceQuality "1"]
[WhiteTeam "Germany"]
[BlackTeam "Germany"]
[WhiteTeamCountry "GER"]
[BlackTeamCountry "GER"]

1. c4 e5 2. Nc3 Nf6 3. Nf3 Nc6 4. g3 d5 5. cxd5 Nxd5 6. Bg2 Nb6 7. 0-0 Be7 8. d3 0-0 9. Be3 Be6 10. d4 exd4 11. Nxd4 Nxd4 12. Bxd4 c6 13. Ne4 Bd5 14. e3 Qc8 15. Qc2 Rd8 16. Rfd1 Qe6 17. Nc5 Bxc5 18. Bxc5 Bxg2 19. Kxg2 f5 20. Rxd8+ Rxd8 21. Rd1 Nd5 22. Bxa7 Ra8 23. Bc5 Rxa2 24. Ba3 Kf7 25. Kf1 Nf6 26. Ke2 Nd5 27. Kd3 Nb6 28. Qc3 Qe4+ 29. Ke2 Qc4+ 30. Kd2 Qa4 31. Rc1 Nd7 32. Qd3 Nf6 33. Ke1 Qa5+ 34. Ke2 Ke8 35. h4 h5 36. Kf3 Qe5 37. Qb3 Qd5+ 38. Qxd5 Nxd5 39. e4 Nc7 40. exf5 Kf7 41. Kf4 Kf6 42. f3 Nb5 43. Bc5 Ra4+ 44. b4 b6 45. Bxb6 Rxb4+ 46. Ke3 Rb3+ 47. Kf2 c5 48. Bxc5 Kxf5 49. Rc4 Rb2+ 50. Kf1 g6 51. Be3 Rb3 52. Kf2 Rb2+ 53. Ke1 Rb3 54. Bf4 Ke6 55. Rc6+ Kf5 56. Rb6 Nd4 57. Rxb3 Nxb3 58. Be3 Na5 59. Ke2 Nc4 60. Kf2 Ke6 61. Bf4 Kf7 62. Ke2 Ke6 63. Kd3 Na5 64. Ke4 Nc6 65. g4 hxg4 66. fxg4 Nd8 67. h5 gxh5 68. gxh5 1/2-1/2

[Event "GER-ch42 V06 email"]
[Site "GER email"]
[Date "2010.04.08"]
[Round "?"]
[White "Tauber, Hans"]
[Black "Zielinski, Werner"]
[Result "1-0"]
[WhiteElo "2178"]
[BlackElo "2096"]
[PlyCount "69"]
[EventDate "2010.04.19"]
[EventType "tourn (corr)"]
[EventRounds "12"]
[EventCountry "GER"]
[SourceTitle "Corr 2015"]
[Source "ChessBase"]
[SourceDate "2015.07.17"]
[SourceVersion "1"]
[SourceVersionDate "2015.07.17"]
[SourceQuality "1"]
[WhiteTeam "Germany"]
[BlackTeam "Germany"]
[WhiteTeamCountry "GER"]
[BlackTeamCountry "GER"]

1. e4 c5 2. Nf3 Nc6 3. Bb5 Nf6 4. Nc3 Qc7 5. d3 e6 6. Bxc6 bxc6 7. e5 Nd5 8. Ne4 f5 9. Ng3 Rb8 10. b3 Be7 11. c4 Nb4 12. Bf4 d5 13. exd6 Bxd6 14. Bxd6 Qxd6 15. 0-0 0-0 16. Qe2 e5 17. Rae1 Rb7 18. Qxe5 Qd8 19. Rd1 Nxd3 20. Qa1 Rd7 21. Rd2 Re8 22. Qc3 Nf4 23. Rfd1 Ree7 24. h4 g6 25. h5 a6 26. Rxd7 Rxd7 27. Rxd7 Bxd7 28. Qe5 Ne6 29. hxg6 hxg6 30. Ne2 Qf8 31. Nf4 Nxf4 32. Qxf4 Qe7 33. Kh2 Kg7 34. Qe5+ Kf7 35. Kg3 1-0

[Event "GER-ch42 V06 email"]
[Site "GER email"]
[Date "2010.04.08"]
[Round "?"]
[White "Zielinski, Werner"]
[Black "Noeth, Dieter"]
[Result "0-1"]
[WhiteElo "2096"]
[BlackElo "2122"]
[PlyCount "36"]
[EventDate "2010.04.19"]
[EventType "tourn (corr)"]
[EventRounds "12"]
[EventCountry "GER"]
[SourceTitle "Corr 2015"]
[Source "ChessBase"]
[SourceDate "2015.07.17"]
[SourceVersion "1"]
[SourceVersionDate "2015.07.17"]
[SourceQuality "1"]
[WhiteTeam "Germany"]
[BlackTeam "Germany"]
[WhiteTeamCountry "GER"]
[BlackTeamCountry "GER"]

1. d4 Nf6 2. c4 e6 3. Nf3 d5 4. Nc3 Bb4 5. cxd5 exd5 6. Bg5 0-0 7. Qb3 c5 8. dxc5 Nc6 9. 0-0-0 Be6 10. e3 Bxc5 11. Qb5 Be7 12. Qxb7 Rc8 13. Kb1 Na5 14. Qa6 Rxc3 15. bxc3 Qc7 16. Bf4 Bf5+ 17. Bd3 Qxc3 18. Bxf5 Nc4 0-1

[Event "GER-ch42 V06 email"]
[Site "GER email"]
[Date "2010.04.08"]
[Round "?"]
[White "Zielinski, Werner"]
[Black "Schultheiss, Klaus"]
[Result "1/2-1/2"]
[WhiteElo "2096"]
[BlackElo "2030"]
[PlyCount "58"]
[EventDate "2010.04.19"]
[EventType "tourn (corr)"]
[EventRounds "12"]
[EventCountry "GER"]
[SourceTitle "Corr 2015"]
[Source "ChessBase"]
[SourceDate "2015.07.17"]
[SourceVersion "1"]
[SourceVersionDate "2015.07.17"]
[SourceQuality "1"]
[WhiteTeam "Germany"]
[BlackTeam "Germany"]
[WhiteTeamCountry "GER"]
[BlackTeamCountry "GER"]

1. d4 Nf6 2. c4 g6 3. Nc3 Bg7 4. e4 d6 5. Be2 0-0 6. Nf3 e5 7. 0-0 Nc6 8. d5 Ne7 9. a4 a5 10. b3 Nd7 11. Ba3 Bh6 12. b4 axb4 13. Bxb4 f5 14. Bd3 Nf6 15. c5 fxe4 16. cxd6 cxd6 17. Nxe4 Nxe4 18. Bxe4 Rf4 19. Nd2 Bf5 20. Qb1 Qb6 21. a5 Qd4 22. Bxd6 Qxd2 23. Qxb7 Bxe4 24. Qxa8+ Rf8 25. Qa7 Nc8 26. Qd7 Nxd6 27. Qxd6 Qd4 28. Qe6+ Kg7 29. Rad1 Bd3 1/2-1/2

[Event "Duisburg SBDU-ch"]
[Site "Duisburg Wohndorf Laar"]
[Date "2009.12.04"]
[Round "7"]
[White "Heinert, Eugen"]
[Black "Zielinski, Werner"]
[Result "1-0"]
[WhiteElo "2006"]
[BlackElo "1922"]
[PlyCount "41"]
[EventDate "2009.09.11"]
[EventType "swiss"]
[EventRounds "7"]
[EventCountry "GER"]
[SourceTitle "EXT 2018"]
[Source "ChessBase"]
[SourceDate "2017.10.13"]
[SourceVersion "1"]
[SourceVersionDate "2017.10.13"]
[SourceQuality "1"]

1. d4 Nf6 2. c4 e6 3. g3 c5 4. Nf3 cxd4 5. Nxd4 Qc7 6. Qd3 e5 7. Nb5 Qc6 8. e4 Nxe4 9. Bg2 Nc5 10. Qd5 Qxd5 11. Bxd5 Nba6 12. 0-0 Be7 13. f4 exf4 14. Bxf4 0-0 15. N1c3 Nd3 16. Bd6 Bxd6 17. Nxd6 g6 18. Nxf7 Nc7 19. Nd6+ Nxd5 20. Rxf8+ Kxf8 21. Nxd5 1-0

[Event "Niederrhein-ch"]
[Site "Moers"]
[Date "2009.04.09"]
[Round "7"]
[White "Zielinski, Werner"]
[Black "Ruprecht, Thomas"]
[Result "1/2-1/2"]
[WhiteElo "1954"]
[BlackElo "1987"]
[PlyCount "34"]
[EventDate "2009.04.03"]
[EventType "swiss"]
[EventRounds "9"]
[EventCountry "GER"]
[SourceTitle "EXT 2010"]
[Source "ChessBase"]
[SourceDate "2010.11.25"]
[SourceVersion "1"]
[SourceVersionDate "2010.11.25"]
[SourceQuality "1"]

1. d4 d5 2. c4 c6 3. Nd2 Nf6 4. Ngf3 Bf5 5. g3 e6 6. Bg2 h6 7. b3 Nbd7 8. 0-0 Bd6 9. Bb2 0-0 10. Rc1 Bh7 11. Ne5 Qc7 12. Nxd7 Qxd7 13. Re1 Qe7 14. e4 dxe4 15. Nxe4 Bxe4 16. Bxe4 Nxe4 17. Rxe4 Ba3 1/2-1/2

[Event "GER MS-070 email"]
[Site "GER email"]
[Date "2009.01.16"]
[Round "?"]
[White "Zielinski, Werner"]
[Black "Schumacher, Horst"]
[Result "1/2-1/2"]
[WhiteElo "2119"]
[BlackElo "1980"]
[PlyCount "47"]
[EventDate "2009.01.22"]
[EventType "tourn (corr)"]
[EventRounds "6"]
[EventCountry "GER"]
[SourceTitle "Corr 2011"]
[Source "ChessBase"]
[SourceDate "2010.08.31"]
[SourceVersion "1"]
[SourceVersionDate "2010.08.31"]
[SourceQuality "1"]

1. d4 d5 2. c4 e6 3. Nc3 Nf6 4. cxd5 exd5 5. Bg5 Be7 6. e3 0-0 7. Qc2 h6 8. Bh4 c5 9. dxc5 Be6 10. a3 Nbd7 11. Bd3 Nxc5 12. Nge2 Rc8 13. 0-0 Nfe4 14. Bxe7 Qxe7 15. Rac1 Nxc3 16. Nxc3 b6 17. Be2 Rfd8 18. Rfd1 Qf6 19. Bf1 Ne4 20. Nxe4 dxe4 21. Rxd8+ Qxd8 22. Qb1 Rxc1 23. Qxc1 Qc8 24. Qd2 1/2-1/2